| 000 | 01075nam a22003137i 4500 | ||
|---|---|---|---|
| 003 | EG-GICUC | ||
| 005 | 20260429083915.0 | ||
| 008 | 260429b1996 cn ||||fr|||| 00| 0 fre d | ||
| 040 |
_aEG-GiCUC _bfre _cEG-GiCUC _dEG-GiCUC _eRda |
||
| 041 | _afre | ||
| 082 | 0 | 4 |
_221 _a341.48 _bSA . D |
| 092 | 0 | 4 | _221 |
| 099 | _aLaw1 10 341.48 SA . D 1996 | ||
| 100 | 1 |
_aSalmon,Jean _eAuteur |
|
| 245 | 1 | 0 |
_aDroit d'ingérence ou obligation De Réaction: _bLes possibilités d'action visant à assurer le respect des droits de la personne face au principe de non-intervention / _cJean Salmon. |
| 250 | _aDeuxième édition | ||
| 264 |
_aBelgium: _bEditions Bruylant, _c1996. |
||
| 300 |
_a309 page ; _c 24 cm. |
||
| 336 |
_2rda contenu _a texte |
||
| 337 |
_2rda medias _aOrdinateur |
||
| 338 |
_2 transporteur rda _a Ressource en ligne |
||
| 546 | _aTexte en français | ||
| 650 | 1 |
_aDroit pénal _2qrmak |
|
| 650 | 1 |
_aDroit d'ingérence _2qrmak |
|
| 651 | 1 | _2qrmak | |
| 856 | 4 | 0 | _uhttps://fll.law.cu.edu.eg/fulltext/bks/B11-08982.pdf |
| 905 | _a72 | ||
| 942 |
_2ddc _cBK _e21 _n0 |
||
| 999 |
_c74029 _d74029 |
||